000
00347nam a2200133Ia 4500
008
151001s9999||||xx |||||||||||||| ||und||
100
_a
वाणप्रस्थी प्राणनाथ
245
_a
शिवाजी
250
_a
1
260
_b
शिक्षा भारती
260
_c
1980
300
_a
40
365
_b
18
999
_c
961964
_d
961961